Culture Générale - Série 93 - Statistiques

Statistiques générales
  • Ce quiz a été pris 648 fois
  • Le résultat moyen est 6 sur 10
Statistiques - réponses
Question Réponse % Correct
Un berger a 16 brebis, toutes meurent sauf 10. Combien lui en reste-t-il ? 10
91%
De quelle nationalité était Jean-Sébastien Bach ? Allemande
88%
Quel nombre s'écrit LVI en chiffres romains ? 56
85%
Dans quelle ville se trouve le siège de l'ONU ? New York
78%
Comment était la femme chantée par Cookie Dingler en 1984 ? Libérée
62%
Quel nom donne-t-on aux poésies déclamées sur un rythme scandé ? Slam
54%
Combien valait Steve Austin dans une célèbre série télévisée ? 3 milliards
38%
Quel groupe de rock avait Mark Knopfler pour leader dès 1978 ? Dire Straits
32%
Qui a inscrit "N'y allez pas, c'est une merde" sur l'affiche de son film ? Laurent Baffie
20%
Comment s'appelle la femme de Guignol ? Madelon
4%
Aucun quiz correspondant
Distribution des résultats
% des personnes avec chaque résultat
Percentile par nombre de réponses
Votre historique - résultats
Vous n’avez pas pris ce quiz